000 00503nam a2200169Ia 4500
005 20250424120226.0
008 250424s9999 xx 000 0 und d
022 _a03601323
050 _aTH 1 .B85/
245 0 _aBuilding and environment: the international journal of building science and its application
260 _aUnited State
260 _bRoutledge
260 _c2021
300 _axv, 248 p. :ill. ; 28 cm.
650 _aBuildings--Environmental engineering--Periodicals.
942 _cSR
999 _c38104
_d38104